Statistics for "Kingdoms" of the World

Click here to take the quiz!

General Stats

  • This quiz has been taken 78 times
  • The average score is 12 of 17

Answer Stats

Formal NameCountry% Correct
United Kingdom of Great Britain and Northern IrelandUnited Kingdom
99%
Kingdom of SwedenSweden
86%
Kingdom of DenmarkDenmark
83%
Kingdom of Saudi ArabiaSaudi Arabia
83%
Kingdom of SpainSpain
83%
Kingdom of NorwayNorway
82%
Kingdom of ThailandThailand
82%
Kingdom of the NetherlandsNetherlands
80%
Kingdom of BelgiumBelgium
77%
Kingdom of MoroccoMorocco
65%
Kingdom of EswatiniEswatini
62%
Hashemite Kingdom of JordanJordan
62%
Kingdom of LesothoLesotho
58%
Kingdom of BahrainBahrain
56%
Kingdom of BhutanBhutan
51%
Kingdom of CambodiaCambodia
51%
Kingdom of TongaTonga
37%

Score Distribution

Percentile by Number Answered

Percent of People with Each Score

Your Score History

You have not taken this quiz